| 000 | 00677nam a2200229 i 4500 | ||
|---|---|---|---|
| 001 | 60648 | ||
| 003 | ES-MaACL | ||
| 005 | 20230906164258.0 | ||
| 007 | t| | ||
| 008 | 031105s1986 sp ||||1| spa d | ||
| 020 | _a84-7391-099-0 | ||
| 100 | 1 |
_aEspinosa, Mariano. _947894 |
|
| 245 | 1 | 0 |
_aSofrología _b: realidad de una ciencia, pasado y presente / _cMariano Espinosa ; prólogo, Silverio Palafox. |
| 250 | _a2ª ed. | ||
| 260 |
_a[S.l. : _bs.n., _c1986] |
||
| 300 |
_a851 p. : _bil. ; _c24 cm. |
||
| 500 | _aIndice. | ||
| 500 | _aDed. autogr. del autor. | ||
| 504 | _aBibliografía. | ||
| 700 | 1 |
_aPalafox, Silverio. _988452 |
|
| 852 |
_aES-MaACL _jL-11801 _bR.113342 |
||
| 999 |
_c60648 _d60648 |
||